| 000 | 00419nam a22001697a 4500 | ||
|---|---|---|---|
| 005 | 20250619095427.0 | ||
| 008 | 250417b |||||||| |||| 00| 0 eng d | ||
| 020 | _a9781408888230 | ||
| 040 | _cSDCL | ||
| 041 |
_2eng _aeng |
||
| 084 | _aO-,3N73 Q9 LR | ||
| 100 |
_aShamsie, Kamila _9752404 |
||
| 245 | _aBurnt shadows | ||
| 260 |
_aLondon : _bBloomsbury Publishing, _c2019. |
||
| 300 | _a367p | ||
| 942 |
_2CC _cGB |
||
| 999 |
_c1309117 _d1309117 |
||